[Event "IECG CP.2003.P.00025 email"]
[Site "IECG email"]
[Date "2003.10.01"]
[Round "?"]
[White "Jones, Michael S"]
[Black "Baer, Werner"]
[Result "0-1"]
[WhiteElo "845"]
[BlackElo "1951"]
[PlyCount "34"]
[EventDate "2003.10.01"]
[EventType "tourn (corr)"]
[EventRounds "6"]
[EventCountry "NED"]
[SourceTitle "Corr 2008"]
[Source "ChessBase"]
[SourceDate "2008.06.24"]
[SourceVersion "1"]
[SourceVersionDate "2008.06.24"]
[SourceQuality "1"]

1. e4 e5 2. Nf3 Nc6 3. Bb5 Nf6 4. d3 Bc5 5. 0-0 Nd4 6. Nxd4 Bxd4 7. c3 Bb6 8. Bg5 h6 9. Bh4 c6 10. Ba4 d6 11. h3 g5 12. Bg3 g4 13. hxg4 Bxg4 14. Qd2 Nh5 15. Bh2 Rg8 16. Kh1 Qh4 17. Na3 Bf3 0-1

[Event "IECG CP.2002.P.00013 email"]
[Site "IECG email"]
[Date "2002.10.01"]
[Round "?"]
[White "Jones, Michael S"]
[Black "Blittkowsky, Ralf"]
[Result "0-1"]
[WhiteElo "878"]
[BlackElo "1975"]
[PlyCount "26"]
[EventDate "2002.10.01"]
[EventType "tourn (corr)"]
[EventRounds "6"]
[EventCountry "UKR"]
[SourceTitle "Corr 2008"]
[Source "ChessBase"]
[SourceDate "2008.06.24"]
[SourceVersion "1"]
[SourceVersionDate "2008.06.24"]
[SourceQuality "1"]

1. e4 c5 2. c3 Nc6 3. Nf3 Nf6 4. e5 Nd5 5. d4 cxd4 6. cxd4 d6 7. exd6 Qxd6 8. Nc3 Bg4 9. Nxd5 Qxd5 10. Be3 e5 11. dxe5 Bb4+ 12. Bd2 0-0-0 13. Bxb4 Qe4+ 0-1

[Event "IECG CP.2002.P.00013 email"]
[Site "IECG email"]
[Date "2002.10.01"]
[Round "?"]
[White "Jones, Michael S"]
[Black "Millar, Brian W"]
[Result "0-1"]
[WhiteElo "878"]
[BlackElo "1654"]
[PlyCount "50"]
[EventDate "2002.10.01"]
[EventType "tourn (corr)"]
[EventRounds "6"]
[EventCountry "UKR"]
[SourceTitle "Corr 2008"]
[Source "ChessBase"]
[SourceDate "2008.06.24"]
[SourceVersion "1"]
[SourceVersionDate "2008.06.24"]
[SourceQuality "1"]

1. e4 c5 2. c3 d5 3. exd5 Qxd5 4. Nf3 Nf6 5. Bb5+ Nc6 6. 0-0 Bd7 7. d4 cxd4 8. Nxd4 Nxd4 9. Bxd7+ Qxd7 10. Qxd4 Qxd4 11. cxd4 e6 12. Be3 Be7 13. Nc3 0-0 14. a3 a6 15. Rfd1 Rfd8 16. Rac1 Rd7 17. Rc2 Rc8 18. Rcd2 Bxa3 19. bxa3 Rxc3 20. Rd3 Rdc7 21. Rxc3 Rxc3 22. Ra1 Nd5 23. Rc1 Kf8 24. Rxc3 Nxc3 25. Bd2 Ne2+ 0-1

[Event "IECG CP.2002.P.00013 email"]
[Site "IECG email"]
[Date "2002.10.01"]
[Round "?"]
[White "Jones, Michael S"]
[Black "Townsend, John"]
[Result "0-1"]
[WhiteElo "878"]
[BlackElo "1909"]
[PlyCount "36"]
[EventDate "2002.10.01"]
[EventType "tourn (corr)"]
[EventRounds "6"]
[EventCountry "UKR"]
[SourceTitle "Corr 2008"]
[Source "ChessBase"]
[SourceDate "2008.06.24"]
[SourceVersion "1"]
[SourceVersionDate "2008.06.24"]
[SourceQuality "1"]

1. e4 e6 2. d4 d5 3. e5 c5 4. c3 Nc6 5. Nf3 Bd7 6. Be2 f6 7. exf6 Nxf6 8. Bg5 Qb6 9. Qb3 Qxb3 10. axb3 cxd4 11. cxd4 Ne4 12. Be3 Bb4+ 13. Nbd2 Rf8 14. Rd1 Rc8 15. 0-0 Nd6 16. Ne5 Nxe5 17. dxe5 Nf5 18. Bxa7 Rc2 0-1

[Event "IECG CF.2002.0.00034 email"]
[Site "IECG email"]
[Date "2002.09.12"]
[Round "?"]
[White "Jones, Michael S"]
[Black "Borges Netto, Alexandre V"]
[Result "0-1"]
[WhiteElo "1000"]
[BlackElo "1157"]
[PlyCount "30"]
[EventDate "2002.09.12"]
[EventType "tourn (corr)"]
[EventRounds "6"]
[SourceTitle "Corr 2008"]
[Source "ChessBase"]
[SourceDate "2008.06.24"]
[SourceVersion "1"]
[SourceVersionDate "2008.06.24"]
[SourceQuality "1"]

1. b4 e5 2. Bb2 d5 3. Bxe5 Nc6 4. Bb2 Nxb4 5. e3 Nf6 6. c4 Be7 7. a3 Nc6 8. Bxf6 Bxf6 9. d4 Be6 10. cxd5 Qxd5 11. Nf3 0-0-0 12. Bd3 Nxd4 13. exd4 Bxd4 14. Nxd4 Qxd4 15. Ra2 Bxa2 0-1

[Event "IECG CF.2002.0.00030 email"]
[Site "IECG email"]
[Date "2002.07.16"]
[Round "?"]
[White "Rueger, Dietmar"]
[Black "Jones, Michael S"]
[Result "1-0"]
[WhiteElo "1000"]
[BlackElo "1000"]
[PlyCount "35"]
[EventDate "2002.07.16"]
[EventType "tourn (corr)"]
[EventRounds "6"]
[SourceTitle "Corr 2008"]
[Source "ChessBase"]
[SourceDate "2008.06.24"]
[SourceVersion "1"]
[SourceVersionDate "2008.06.24"]
[SourceQuality "1"]

1. e4 Nf6 2. Nc3 d5 3. e5 Ne4 4. Nce2 Nc6 5. d4 Bg4 6. f3 Bf5 7. fxe4 dxe4 8. Ng3 Bg6 9. c3 Qd7 10. Qe2 Qd5 11. Nh3 0-0-0 12. Nf4 Qa5 13. Bd2 f6 14. exf6 gxf6 15. Nxg6 hxg6 16. Qg4+ f5 17. Qxg6 Rh6 18. Bxh6 1-0

[Event "IECG CF.2002.0.00022 email"]
[Site "IECG email"]
[Date "2002.04.03"]
[Round "?"]
[White "Jones, Michael S"]
[Black "Froland, Kai E"]
[Result "1-0"]
[WhiteElo "1000"]
[BlackElo "1000"]
[PlyCount "33"]
[EventDate "2002.04.03"]
[EventType "tourn (corr)"]
[EventRounds "6"]
[SourceTitle "Corr 2008"]
[Source "ChessBase"]
[SourceDate "2008.06.24"]
[SourceVersion "1"]
[SourceVersionDate "2008.06.24"]
[SourceQuality "1"]

1. e3 e5 2. d4 exd4 3. exd4 Nf6 4. Nf3 d6 5. c4 Bg4 6. Nc3 d5 7. cxd5 Nxd5 8. Be2 Bb4 9. Bd2 Nc6 10. 0-0 Qd6 11. Nxd5 Qxd5 12. Bxb4 Nxb4 13. Re1 0-0-0 14. h3 Bxf3 15. Bxf3 Qxd4 16. Qb3 Qb6 17. Re7 1-0